My years with general motors (Record no. 191929)

MARC details
000 -LEADER
fixed length control field 00399nam a2200145Ia 4500
008 - FIXED-LENGTH DATA ELEMENTS--GENERAL INFORMATION
fixed length control field 231217s9999 xx 000 0 und d
041 ## - LANGUAGE CODE
Language code of text/sound track or separate title English
082 ## - DEWEY DECIMAL CLASSIFICATION NUMBER
Classification number 650 MCD;1 R
100 ## - MAIN ENTRY--PERSONAL NAME
Personal name Mcdonald,John stevens, Catharine Sloan,Alfred P
245 #0 - TITLE STATEMENT
Title My years with general motors
260 ## - PUBLICATION, DISTRIBUTION, ETC.
Date of publication, distribution, etc. 2004
Name of publisher, distributor, etc. Currency doubleday
Place of publication, distribution, etc. New York
300 ## - PHYSICAL DESCRIPTION
Extent xxi+472
650 ## - SUBJECT ADDED ENTRY--TOPICAL TERM
Topical term or geographic name entry element My,years,motors
942 ## - ADDED ENTRY ELEMENTS (KOHA)
Koha item type Books
Holdings
Date last seen Total checkouts Full call number Accession number Cost, total (INR) price Price effective from Category Public note Lost status Damaged status Department Withdrawn status Home library Current library Shelving location Entry date Vendor Cost, normal purchase price Grants Billnumber Billdate Currency symbol Conversion rate Discount Old discount
26/01/2024   650 MCD;1 R 73124 38.00 26/01/2024 Books 73124     Central Library   Central Library Central Library Central Library 03/03/2011 ICFAI Press 38.00 MBA 1993 20/08/2015 RS 1    

© For any Suggestions or Query, please contact the library staff @ librarian@pes.edu or Phone: +9180 2672 1983/ 2108.